00753pam a2200193 a 4500020002800000040000800028082002600036100002100062245005200083246005200135260012800187300003400315650001400349650001500363650002500378942001000403999001700413952012900430 a0865659613 (hard cover) cDLC00a747 DIS 1995 C153 Or.1 aHighton, Leonie.10aHouse & garden book of bedrooms and bathrooms /3 aHouse and garden book of bedrooms and bathrooms aNew York :bVendome Press :bDistributed in the USA and Canada by Rizzoli International through St. Martin's Press,cc1995. a223 p. :bcol. ill. ;c28 cm. 0aBedrooms. 0aBathrooms. 0aInterior decoration. cAEDBB c18828d18828 0010406747_000000000000000_DIS_1995_C153_OR70983398aLBCbLBCd2020-01-28eA38316o747 DIS 1995 C153 Or.r2020-01-28yEK